[Event "DSB-Kader-Challenge 2021"]
[Site "Magdeburg"]
[Date "2021.04.09"]
[Round "6.2"]
[White "Heimann, Andreas"]
[Black "Donchenko, Alexander"]
[Result "1/2-1/2"]
[WhiteElo "2606"]
[BlackElo "2659"]
[Annotator "TA"]
[PlyCount "130"]
[EventDate "2021.04.05"]
[EventType "tourn"]
[EventCountry "GER"]
[SourceTitle "playchess.com"]
[Source "ChessBase"]
[SourceQuality "1"]

{[%evp 18,130,9,14,14,5,0,0,0,6,0,0,11,0,0,-6,-3,-4,-6,-6,-11,-7,0,0,0,-20,-18,-18,-18,-18,-14,-28,-22,-28,-28,-28,-28,-29,-12,-11,-12,-31,-16,-14,-8,-11,-11,-189,-181,-191,-193,-154,-159,-117,-13,-25,-8,-29,-4,-11,-11,-31,-26,-26,-27,-96,-98,-78,-85,-81,-81,-92,-80,-76,-74,-170,-107,-114,-114,-114,-114,-114,-114,-114,-4,-4,-4,-4,0,0,0,0,0,0,0,0,0,0,0,0,0,0,0,0,0,0,0,-3,0,0,0,0,0,0,0]} 1. e4 c5 2. Nf3 d6 3. d4 cxd4 4. Nxd4 Nf6 5. Nc3 a6 6. Be3 e5 7. Nf3 Be7 8. Bc4 O-O 9. O-O Be6 10. Bb3 Qc8 {[#] 10...b5 is a critical line. B90: Sicilian Najdorf: Unusual White 6th moves, 6 Be3 Ng4 and 6 Be3 e5.} 11. Nd5 $146 ({Predecessor:} 11. Qe2 b5 12. Bg5 Nbd7 13. Rfd1 Bc4 14. Bxc4 Qxc4 15. Qxc4 bxc4 16. Bxf6 Nxf6 17. Nd5 Nxd5 18. Rxd5 {½-½ (73) Guliyev,N (2552)-Ziska,H (2533) Le Blanc Mesnil 2019}) 11... Nxd5 12. Bxd5 Bxd5 13. Qxd5 Nd7 14. Qd3 Qc6 15. Rfd1 Rac8 16. Rac1 b5 17. Nd2 Nc5 18. Bxc5 dxc5 19. Nf3 Rfd8 20. Qe2 c4 21. c3 Bf6 22. h3 g6 23. Ra1 a5 24. a3 h5 25. Ne1 Kg7 26. Kf1 Rb8 27. Qe3 Rd6 28. Rxd6 Qxd6 29. Qe2 Qc6 30. Rd1 b4 31. axb4 axb4 32. Nc2 $2 (32. Nf3 $11 {and White has nothing to worry.}) 32... bxc3 $19 33. bxc3 Rb2 34. Nb4 Qa4 ({Resist} 34... Rxe2 35. Nxc6 Rc2 36. Nb4 $11) 35. Qf3 Bg5 (35... Be7 $1 $17 {[%cal Re7c5]} 36. Nd5 f5 $1) 36. Nd5 $11 Qc2 {And now ...Rb1 would win.} 37. Kg1 h4 38. Ra1 Qd3 39. Qxd3 (39. Rd1 {looks sharper.} Qxf3 40. gxf3 Rc2 41. Kg2 Kf8 42. Kf1) 39... cxd3 {[%mdl 4096] Endgame KRB-KRN} 40. Rd1 $1 f5 41. f4 (41. f3 $1 $11 {remains equal.}) 41... Bd8 ({Much weaker is} 41... Bxf4 $6 42. Nxf4 exf4 43. exf5 $11) 42. Rxd3 fxe4 43. Rd1 exf4 {White must now prevent ...Bb6+.} 44. Re1 f3 45. gxf3 exf3 46. Re6 (46. Re8 $17 Bg5 47. c4) 46... Bg5 ({Black should play} 46... g5 $19 47. Rd6 Ba5 48. Rd7+ Kg6) 47. c4 $17 Rg2+ 48. Kf1 Rh2 49. c5 Rxh3 50. Kf2 {[#]} Kf7 (50... Rh2+ $1 $17 51. Kxf3 Rd2) 51. Re5 $11 {The position is equal.} Bf6 52. Re4 g5 53. c6 Rh2+ 54. Kxf3 Rc2 55. c7 h3 {...h2 is the strong threat.} 56. Re2 Rc4 57. Kg3 g4 58. Rf2 Ke6 59. Nxf6 {KRN-KR} Rc3+ 60. Kxg4 {Hoping for Ne8.} h2 $1 {[%cal Rh2h1]} 61. Rxh2 {Threatens to win with Rh6.} Kxf6 62. Rh6+ Ke7 63. Rh8 Rxc7 64. Rh7+ Kd6 65. Rxc7 Kxc7 {Weighted Error Value: White=0.11/Black=0.11} 1/2-1/2

[Event "DSB-Kader-Challenge 2021"]
[Site "Magdeburg"]
[Date "2021.04.09"]
[Round "6.3"]
[White "Svane, Rasmus"]
[Black "Wagner, Dennis"]
[Result "1/2-1/2"]
[WhiteElo "2613"]
[BlackElo "2581"]
[Annotator "TA"]
[PlyCount "97"]
[EventDate "2021.04.05"]
[EventType "tourn"]
[EventCountry "GER"]
[SourceTitle "playchess.com"]
[Source "ChessBase"]
[SourceQuality "1"]

{[%evp 21,97,31,35,29,47,66,70,56,30,30,28,16,18,15,18,20,27,0,8,12,4,-85,-84,-84,-62,-155,-131,-166,-148,-127,-105,-114,0,0,0,0,0,0,0,0,0,0,0,0,0,0,0,0,0,0,0,0,0,0,0,0,0,0,0,0,0,0,0,0,0,0,0,0,0,0,0,0,0,0,0,0,0,0]} 1. e4 e5 2. Nf3 Nc6 3. Bb5 a6 4. Ba4 Nf6 5. O-O Nxe4 6. d4 b5 7. Bb3 d5 8. dxe5 Be6 9. c3 Be7 10. Nbd2 Nc5 11. Bc2 d4 12. Nb3 {[%cal Rb3d4] C83: Open Ruy Lopez: 9 c3 Be7.} d3 13. Bb1 Nxb3 14. axb3 {White is slightly better.} Bf5 15. Be3 O-O 16. Bd4 Qd5 (16... Nxd4 17. Nxd4 (17. cxd4 Be4 $14) 17... Bg6 18. b4 $16 (18. Bxd3 Bxd3 19. Nc6 Qe8 $14)) 17. Re1 Rfd8 18. h4 d2 {[#]} 19. Bxf5 $146 (19. Qxd2 {keeps more tension.} Bxb1 20. Raxb1 Qxb3 21. e6 fxe6 22. Qf4) ({Predecessor:} 19. Qxd2 Bxb1 20. Raxb1 Qxb3 21. e6 fxe6 22. Qf4 e5 23. Nxe5 Bd6 24. Qe4 Bxe5 25. Bxe5 Nxe5 26. Qxe5 Qf7 27. g3 Rd2 28. Re2 Rxe2 29. Qxe2 Re8 30. Qd3 {½-½ (30) Rach,J (2384)-Perez Fernandez,J (2402) ICCF email 2018}) 19... dxe1=Q+ ({Much worse is} 19... Nxd4 $6 20. Nxd4 dxe1=N 21. Qxe1 $16) 20. Qxe1 Qxb3 ({Reject} 20... Nxd4 $6 21. Nxd4 c5 22. Be4 $1 $16) 21. Qe4 (21. e6 $11 {keeps the balance.}) 21... Nxd4 $17 ({Don't blunder} 21... Qxb2 $2 22. Rb1 $18) 22. Nxd4 Qxb2 23. Rf1 (23. Bxh7+ $15 Kh8 24. Rf1) 23... Qxc3 24. Nc6 Kf8 25. Bxh7 a5 26. h5 a4 ({Better is} 26... Re8 $17 {White must now prevent ...Ra6.} 27. Bf5 {[#]} Bd6 $1 {[%mdl 512]}) 27. h6 $1 $11 {[%cal Rh6g7] The position is equal.} gxh6 {Threatens to win with ...a3.} 28. Nxe7 Kxe7 29. Qh4+ $1 Ke8 30. Qf6 Rab8 {Hoping for ...Rb6.} 31. Qh8+ Ke7 32. Qf6+ {[%mdl 64] Double Attack} Ke8 {Strongly threatening ...Rb6.} 33. Bg6 fxg6 34. Qxg6+ Kf8 35. Qxh6+ Kg8 36. Qg5+ Kf8 {...Rd7 is the strong threat.} 37. Rc1 Qd2 38. Qf6+ Ke8 $1 39. Qe6+ Kf8 40. Qf6+ Ke8 $1 41. Qe6+ Kf8 42. Qf5+ Ke7 43. Rxc7+ Rd7 44. Qf6+ Ke8 45. Qh8+ Ke7 46. Qh4+ Ke8 47. Qh8+ Ke7 48. Qf6+ Ke8 49. Qh8+ {Weighted Error Value: White=0.10/Black=0.05} 1/2-1/2

[Event "DSB-Kader-Challenge 2021"]
[Site "Magdeburg"]
[Date "2021.04.09"]
[Round "6.5"]
[White "Svane, Frederik"]
[Black "Huschenbeth, Niclas"]
[Result "1-0"]
[WhiteElo "2421"]
[BlackElo "2604"]
[Annotator "TA"]
[PlyCount "111"]
[EventDate "2021.04.05"]
[EventType "tourn"]
[EventCountry "GER"]
[SourceTitle "playchess.com"]
[Source "ChessBase"]
[SourceQuality "1"]

{[%evp 9,111,13,12,19,18,-12,17,-2,0,-7,0,0,0,0,0,0,0,-35,-34,-35,-45,-32,-33,-40,-43,-50,-42,-56,-40,-91,-91,-87,-59,-68,-68,-85,-52,-88,-88,-88,-82,-102,-95,-126,-115,-116,-108,-112,-122,-167,-164,-173,-166,-176,-40,-43,-52,-37,-38,-39,-42,-43,-22,-21,-11,-64,-24,-36,157,79,90,79,86,74,73,89,76,83,79,66,85,62,191,188,206,204,365,306,327,316,499,477,569,543,565,534,29972,29967,5110,3183,29984,29982,29996,29997]} 1. e4 e5 2. Nf3 Nc6 3. Nc3 Nf6 4. Bb5 Bd6 5. O-O O-O 6. d3 {C48: Four Knights: 4 Bb5, replies other than 4...Bb4.} h6 7. Ne2 Re8 {The main line 7...Re8 scores better than 7...a6.} 8. c3 {The position is equal. has lost popularity (8.Ng3).} a6 9. Ba4 Bf8 10. Ng3 d5 11. exd5 Qxd5 12. Re1 Bg4 {[#]} 13. h3 $146 (13. Bb3 $5 {[%cal Rb3d5]} Bxf3 14. Bxd5 Bxd1 15. Bxc6 bxc6 16. Rxd1 $11) ({Predecessor:} 13. Bb3 Qd6 14. h3 Be6 15. Ba4 b5 16. Bc2 Rad8 17. Qe2 Nd7 18. b4 f5 19. Nh4 {1-0 (41) Radulski,J (2574)-Jens,J (2386) Tromsoe 2010}) 13... Bxf3 14. Qxf3 Qxf3 15. gxf3 Rad8 16. Rd1 Nd5 17. Kf1 Re6 18. Bb3 Rf6 19. Bxd5 (19. Kg2 $15) 19... Rxd5 $17 20. Ke2 g6 21. h4 h5 22. Rg1 Bg7 23. Bg5 Re6 24. Rad1 f6 25. Bc1 f5 26. Kd2 Kf7 27. Kc2 Bf6 28. Rh1 b5 29. f4 b4 $1 {aiming for ...exf4.} 30. Ne2 bxc3 31. bxc3 Rc5 (31... Ra5 $19 32. a3 e4 33. dxe4 Rxe4 34. Rd7+ Ke8) 32. fxe5 $1 $15 Rexe5 33. Be3 {And now d4 would win.} Ra5 34. Ra1 Ra3 35. d4 Re4 36. Nf4 Na5 {With the idea ...c5!} 37. Bd2 (37. Nd5 $11) 37... Nc4 (37... c5 $5 {[%cal Rc5d4]} 38. f3 Re8 39. dxc5 Nc4 $17) 38. Bc1 Be7 $2 (38... Ra5 $15 {keeps the upper hand.}) 39. Kd3 (39. f3 $142 Ne3+ 40. Kd3 Rxf4 41. Bxa3 (41. Kxe3 Rxc3+ 42. Kxf4 Bd6+ 43. Kg5 Kg7 $11)) 39... Ra4 $16 40. f3 $36 {[%mdl 2048] Black is under strong pressure.} Ne5+ 41. dxe5 Rxf4 42. Bxf4 Rxf4 {[%mdl 4096] Endgame KRR-KRB} 43. Rh3 Bxh4 44. Rb1 $1 a5 45. Rb5 Ra4 {[#]} (45... Be1 $14) 46. Rc5 $1 $18 Bd8 47. Rh2 h4 $2 (47... Ke6 {was worth a try.} 48. Rb2 Rf4) 48. Rd5 Be7 49. Rd4 Ra3 (49... Rxd4+ $142 50. cxd4 Ke6) 50. Rd7 Ke6 51. Rxc7 g5 52. f4 g4 {[#]} 53. Rb2 $1 {[%cal Rb2b6]} Bb4 54. Kd4 h3 55. cxb4 g3 56. Rbc2 {[%cal Rc2c6] Quite a comeback for White.  Weighted Error Value: White=0.09/Black=0.56} 1-0

[Event "DSB-Kader-Challenge 2021"]
[Site "Magdeburg"]
[Date "2021.04.09"]
[Round "7.1"]
[White "Huschenbeth, Niclas"]
[Black "Fridman, Daniel"]
[Result "0-1"]
[WhiteElo "2604"]
[BlackElo "2601"]
[Annotator "TA"]
[PlyCount "84"]
[EventDate "2021.04.05"]
[EventType "tourn"]
[EventCountry "GER"]
[SourceTitle "playchess.com"]
[Source "ChessBase"]
[SourceQuality "1"]

{[%evp 14,84,17,25,30,8,16,12,122,27,72,0,0,0,5,16,11,18,83,67,124,78,86,36,39,35,47,42,21,0,0,0,116,78,115,118,106,132,115,128,79,-299,-41,-198,-199,-203,-199,-209,-207,-213,-208,-312,-331,-384,-386,-379,-368,-553,-559,-625,-624,-611,-602,-675,-646,-685,-683,-704,-295,-687,-689,-1190,-1154]} 1. e4 c6 2. d4 d5 3. e5 Bf5 4. Nc3 e6 5. g4 Bg6 6. Nge2 f6 7. h4 fxe5 8. dxe5 {has lost popularity (8.h5).} Nd7 {B12: Caro-Kann: Advance Variation.} 9. Nd4 Bf7 10. f4 c5 {[#]} (10... Qc7 $11) 11. Nf3 (11. Nxe6 $1 $16 {[%mdl 512]} Bxe6 12. f5) 11... Ne7 12. h5 (12. Ng5 $16) 12... Nc6 {[#]} 13. Bd2 $146 ({Predecessor:} 13. Qe2 Qc7 14. Bd2 O-O-O 15. O-O-O Be7 16. Be1 g5 17. Bg3 gxf4 18. Bxf4 Rhf8 19. Qh2 {0-1 (40) Morozov,E (2304)-Rozum,I (2414) Voronezh 2008}) 13... a6 14. Qe2 Nb6 15. O-O-O Nc4 (15... h6 $11) 16. Be1 $1 $16 b5 (16... Qc7 $14) 17. b3 Nb6 18. Bh4 Qc7 19. Qh2 d4 20. Ne4 {h6 is the strong threat.} Nd5 21. Kb2 c4 22. Nxd4 Ba3+ 23. Kxa3 Qa5+ 24. Kb2 c3+ {[#]} 25. Nxc3 $1 Qxc3+ 26. Kb1 Nxd4 27. Be1 $2 {[%mdl 8192] [#]} (27. Rd3 $16 {stays on course.} Qxc2+ 28. Qxc2 Nxc2 29. Rxd5 $1 (29. Kxc2 Nb4+ 30. Kd2 Nxd3 $14)) 27... Qe3 (27... Nf3 $1 $19 {[%mdl 512]} 28. Qf2 Nxe1 29. Qxe1 Rc8) 28. Bd2 $2 {[#]} ({Better is} 28. Bg2 $15 Rd8 29. Ba5) 28... Nf3 $1 $19 {[%mdl 512]} 29. Bxe3 Nxh2 30. Rxd5 {Black must now prevent Rd6.} Nxf1 31. Rxf1 {Hoping for Rd6.} exd5 32. Bc5 (32. Bd4 {might work better.}) 32... Rc8 33. Bb4 g6 34. h6 Rg8 35. f5 (35. c3 {is a better defense.}) 35... gxf5 36. gxf5 Rg2 37. c3 d4 38. e6 dxc3 39. exf7+ Kxf7 40. Rc1 Rb2+ 41. Ka1 Rh2 42. Bxc3 Rxh6 {Weighted Error Value: White=0.69/Black=0.40} 0-1

[Event "DSB-Kader-Challenge 2021"]
[Site "Magdeburg"]
[Date "2021.04.09"]
[Round "7.2"]
[White "Engel, Luis"]
[Black "Svane, Frederik"]
[Result "1-0"]
[WhiteElo "2553"]
[BlackElo "2421"]
[Annotator "ChessBase"]
[PlyCount "95"]
[EventDate "2021.04.05"]
[EventType "tourn"]
[EventCountry "GER"]
[SourceTitle "playchess.com"]
[Source "ChessBase"]
[SourceQuality "1"]
[TimeControl "40/5400+30:1800+30"]

1. e4 {[%emt 0:00:00]} c5 {[%emt 0:00:00]} 2. Nf3 {[%emt 0:00:00]} g6 {[%emt 0:00:00]} 3. c3 {[%emt 0:00:00]} d5 {[%emt 0:00:00]} 4. exd5 {[%emt 0:00:00]} Qxd5 {[%emt 0:00:00]} 5. d4 {[%emt 0:00:00]} Bg7 {[%emt 0:00:00]} 6. Be2 {[%emt 0:00:00]} cxd4 {[%emt 0:00:03]} 7. cxd4 {[%emt 0:00:05]} Nf6 {[%emt 0:00:03]} 8. Nc3 {[%emt 0:00:08]} Qd6 {[%emt 0:00:06]} 9. O-O {[%emt 0:02:30]} O-O {[%emt 0:00:17]} 10. Bg5 {[%emt 0:03:21]} Be6 {[%emt 0:26:39]} 11. Rc1 {[%emt 0:11:13]} Nbd7 {[%emt 0:02:16]} 12. Nb5 {[%emt 0:09:34]} Qb6 {[%emt 0:00:06]} 13. Nc7 {[%emt 0:01:05]} Rac8 {[%emt 0:00:13]} 14. Nxe6 {[%emt 0:00:09]} Qxe6 {[%emt 0:00:10]} 15. b3 {[%emt 0:02:43]} Rxc1 {[%emt 0:07:12]} 16. Bxc1 {[%emt 0:00:08]} Nd5 {[%emt 0:04:12]} 17. Bc4 {[%emt 0:05:56]} N7b6 {[%emt 0:00:52]} 18. Bd3 {[%emt 0:04:04]} Rd8 {[%emt 0:05:02]} 19. Qd2 {[%emt 0:03:16]} Qd6 {[%emt 0:07:05]} 20. Qa5 {[%emt 0:02:48]} Qb8 {[%emt 0:01:55]} 21. Re1 {[%emt 0:08:04]} e6 {[%emt 0:05:32]} 22. g3 {[%emt 0:02:59]} Ne7 {[%emt 0:11:12]} 23. Bf4 {[%emt 0:02:07]} Qa8 {[%emt 0:00:05]} 24. Be4 {[%emt 0:06:12]} Nbd5 {[%emt 0:06:21]} 25. Bg5 {[%emt 0:01:39]} Nc6 {[%emt 0:00:08]} 26. Qd2 {[%emt 0:04:11]} Rd7 {[%emt 0:00:21]} 27. Rd1 {[%emt 0:04:12]} Qf8 {[%emt 0:01:32]} 28. h4 {[%emt 0:02:33]} Qb4 {[%emt 0:03:04]} 29. Qc2 {[%emt 0:03:08]} h6 {[%emt 0:09:49]} 30. Bc1 {[%emt 0:02:48]} Nce7 {[%emt 0:03:13]} 31. Bb2 {[%emt 0:01:38]} Qa5 {[%emt 0:00:53]} 32. a3 {[%emt 0:01:02]} Rc7 {[%emt 0:01:38]} 33. Qe2 {[%emt 0:02:07]} Nc3 {[%emt 0:00:56]} 34. Qe1 {[%emt 0:00:56]} f5 {[%emt 0:03:36]} 35. Bd3 {[%emt 0:04:15]} Qd5 {[%emt 0:00:50]} 36. Bc4 {[%emt 0:01:39]} Qxf3 {[%emt 0:00:22]} 37. Bxc3 {[%emt 0:00:08]} Kh7 {[%emt 0:01:34]} 38. Rd3 {[%emt 0:01:12]} Qc6 {[%emt 0:01:10]} 39. Re3 {[%emt 0:01:29]} b5 {[%emt 0:00:30]} 40. Rxe6 {[%emt 0:02:05]} Qb7 {[%emt 0:00:31]} 41. Bf1 {[%emt 0:33:42]} h5 {[%emt 0:02:36]} 42. Ba5 {[%emt 0:00:00]} Rd7 {[%emt 0:00:02]} 43. Bg2 {[%emt 0:00:00]} Nd5 {[%emt 0:00:07]} 44. Qc1 {[%emt 0:00:00]} Bh6 {[%emt 0:04:35]} 45. Qc5 {[%emt 0:00:00]} f4 {[%emt 0:00:03]} 46. Rd6 {[%emt 0:00:00]} fxg3 {[%emt 0:00:06]} 47. Bxd5 {[%emt 0:00:00]} gxf2+ {[%emt 0:00:10]} 48. Kf1 {[%emt 0:00:00]} 1-0

[Event "DSB-Kader-Challenge 2021"]
[Site "Magdeburg"]
[Date "2021.04.09"]
[Round "7.3"]
[White "Wagner, Dennis"]
[Black "Kollars, Dmitrij"]
[Result "0-1"]
[WhiteElo "2581"]
[BlackElo "2598"]
[Annotator "ChessBase"]
[PlyCount "112"]
[EventDate "2021.04.05"]
[EventType "tourn"]
[EventCountry "GER"]
[SourceTitle "playchess.com"]
[Source "ChessBase"]
[SourceQuality "1"]
[TimeControl "40/5400+30:1800+30"]

1. e4 {[%emt 0:00:00]} e5 {[%emt 0:04:07]} 2. Nf3 {[%emt 0:00:00]} Nc6 {[%emt 0:00:03]} 3. Bb5 {[%emt 0:00:00]} a6 {[%emt 0:00:07]} 4. Ba4 {[%emt 0:00:00]} Nf6 {[%emt 0:00:08]} 5. O-O {[%emt 0:00:00]} b5 {[%emt 0:00:30]} 6. Bb3 {[%emt 0:00:00]} Bc5 {[%emt 0:00:12]} 7. c3 {[%emt 0:00:53]} d6 {[%emt 0:00:34]} 8. a4 {[%emt 0:00:37]} Bb7 {[%emt 0:00:29]} 9. d4 {[%emt 0:00:33]} Bb6 {[%emt 0:00:05]} 10. Re1 {[%emt 0:00:10]} O-O {[%emt 0:00:24]} 11. Bg5 {[%emt 0:00:44]} h6 {[%emt 0:00:43]} 12. Bh4 {[%emt 0:00:04]} b4 {[%emt 0:00:12]} 13. Qd3 {[%emt 0:17:40]} Na5 {[%emt 0:00:27]} 14. Bc2 {[%emt 0:28:02]} c5 {[%emt 0:00:42]} 15. cxb4 {[%emt 0:01:26]} cxb4 {[%emt 0:00:43]} 16. Nbd2 {[%emt 0:00:35]} Nc6 {[%emt 0:04:29]} 17. Nb3 {[%emt 0:03:28]} a5 {[%emt 0:11:21]} 18. Rac1 {[%emt 0:02:02]} Ba6 {[%emt 0:04:17]} 19. Qd2 {[%emt 0:08:14]} Rc8 {[%emt 0:12:06]} 20. Bd3 {[%emt 0:03:00]} Bb7 {[%emt 0:00:18]} 21. d5 {[%emt 0:07:47]} Nb8 {[%emt 0:03:17]} 22. Bb5 {[%emt 0:01:39]} Qe7 {[%emt 0:01:31]} 23. Qd3 {[%emt 0:04:24]} g5 {[%emt 0:08:01]} 24. Bg3 {[%emt 0:03:00]} Nh5 {[%emt 0:15:15]} 25. Nfd2 {[%emt 0:00:28]} f5 {[%emt 0:00:49]} 26. exf5 {[%emt 0:02:09]} Rxc1 {[%emt 0:00:34]} 27. Rxc1 {[%emt 0:01:07]} Bc8 {[%emt 0:00:26]} 28. Rxc8 {[%emt 0:07:48]} Rxc8 {[%emt 0:00:03]} 29. Nc4 {[%emt 0:00:30]} Bc7 {[%emt 0:03:11]} 30. Nbd2 {[%emt 0:06:21]} Nd7 {[%emt 0:08:50]} 31. Ne4 {[%emt 0:01:16]} Rf8 {[%emt 0:01:08]} 32. h3 {[%emt 0:01:18]} Ndf6 {[%emt 0:01:38]} 33. Kh2 {[%emt 0:00:34]} Nxe4 {[%emt 0:04:35]} 34. Qxe4 {[%emt 0:00:02]} Ng7 {[%emt 0:00:06]} 35. Ne3 {[%emt 0:00:29]} h5 {[%emt 0:01:02]} 36. f3 {[%emt 0:00:40]} Bb6 {[%emt 0:01:08]} 37. Bf2 {[%emt 0:00:51]} Bxe3 {[%emt 0:02:01]} 38. Bxe3 {[%emt 0:00:01]} Nxf5 {[%emt 0:00:06]} 39. Bb6 {[%emt 0:00:22]} Qg7 {[%emt 0:04:33]} 40. Bxa5 {[%emt 0:00:44]} Nd4 {[%emt 0:00:48]} 41. Bd3 {[%emt 0:08:32]} g4 {[%emt 0:05:21]} 42. fxg4 {[%emt 0:09:39]} Rf4 {[%emt 0:03:41]} 43. Qe3 {[%emt 0:04:23]} hxg4 {[%emt 0:01:16]} 44. Bxb4 {[%emt 0:00:16]} Nf3+ {[%emt 0:04:59]} 45. gxf3 {[%emt 0:00:10]} gxf3 {[%emt 0:00:18]} 46. Bf1 {[%emt 0:05:25]} f2 {[%emt 0:03:12]} 47. Qg3 {[%emt 0:00:11]} Qxg3+ {[%emt 0:00:25]} 48. Kxg3 {[%emt 0:00:01]} Rxb4 {[%emt 0:00:07]} 49. Kxf2 {[%emt 0:00:38]} Rxa4 {[%emt 0:02:29]} 50. b3 {[%emt 0:00:25]} Rf4+ {[%emt 0:01:21]} 51. Kg2 {[%emt 0:01:36]} Kg7 {[%emt 0:00:55]} 52. Bd3 {[%emt 0:00:37]} Kf6 {[%emt 0:03:29]} 53. Kg3 {[%emt 0:00:04]} Kg5 {[%emt 0:00:10]} 54. Be2 {[%emt 0:02:08]} Re4 {[%emt 0:00:24]} 55. Kf3 {[%emt 0:00:05]} Rd4 {[%emt 0:00:05]} 56. Bc4 {[%emt 0:00:04]} Kh4 {[%emt 0:00:16]} 0-1

[Event "DSB-Kader-Challenge 2021"]
[Site "Magdeburg"]
[Date "2021.04.09"]
[Round "7.4"]
[White "Donchenko, Alexander"]
[Black "Svane, Rasmus"]
[Result "1-0"]
[WhiteElo "2659"]
[BlackElo "2613"]
[Annotator "TA"]
[PlyCount "121"]
[EventDate "2021.04.05"]
[EventType "tourn"]
[EventCountry "GER"]
[SourceTitle "playchess.com"]
[Source "ChessBase"]
[SourceQuality "1"]

{[%evp 15,121,2,3,9,18,2,2,2,2,5,3,0,0,0,0,0,0,0,0,0,0,0,41,40,40,39,44,21,38,38,112,112,112,112,112,112,112,112,124,123,126,110,111,103,114,110,106,103,103,97,122,111,152,143,198,196,183,139,204,201,198,136,133,137,194,158,398,389,400,376,393,377,389,364,484,480,1179,1183,1089,1035,29971,29972,29972,29973,29974,29975,29975,29976,29976,29977,29977,29978,29978,29979,29979,29980,29980,29981,29983,29984,29985,29986,29986,29984,29984,29985,29985,29985]} 1. d4 Nf6 2. c4 e6 3. g3 d5 4. Bg2 Be7 5. Nf3 O-O 6. Nc3 {[%cal Bb1c3,Bc3d1,Bd1e3][%mdl 32]} dxc4 7. Ne5 c5 8. dxc5 Qxd1+ 9. Nxd1 {E06: Closed Catalan: Early deviations.} Bxc5 10. Ne3 c3 11. bxc3 {The position is equal.} Nbd7 12. Nd3 Rb8 13. Nc4 b6 14. Bf4 Bb7 15. Bxb8 Bxg2 16. Bd6 Bxh1 17. Bxf8 Kxf8 18. f3 $1 {[#]} Nd5 $146 ({Predecessor:} 18... Bg2 19. Nf4 Bh1 20. Kf1 b5 21. Nb2 e5 22. Nfd3 Ba3 23. Nd1 e4 24. N3f2 Bxf3 25. exf3 exf3 {1-0 (72) Dubov,D (2699)-Karjakin,S (2752) chess24.com INT 2020}) 19. Nxc5 Nxc5 20. Kf2 Bxf3 $1 21. Kxf3 Nxc3 $14 {[%mdl 4096] Endgame KRN-KNN} 22. Rc1 Nxa2 (22... Nb5 $14) 23. Ra1 $16 Nc3 24. Rxa7 Nb5 25. Ra8+ Ke7 26. Nxb6 Nd4+ 27. Kf2 Nf5 28. Ra7+ Kf6 29. Kg2 Nd6 30. Kf3 g6 31. Rc7 Nce4 32. Nd7+ Kg7 33. Rc6 Nd2+ 34. Kf4 Nf5 (34... N2c4 $16 35. e4 e5+ 36. Kf3 (36. Nxe5 g5+ {[%mdl 64] Decoy} 37. Kxg5 f6+ 38. Kh5 fxe5 $14) 36... Nd2+ 37. Ke3 N2xe4 38. Nxe5 Kf6) 35. Rc2 $18 Nb3 36. e3 h6 (36... Ne7 $16 37. Ke5 Na5) 37. g4 Ne7 38. Ne5 ({White should try} 38. Ke5 $18) 38... Na5 $16 39. Kf3 g5 (39... Kf8 $16 {is a better defense.} 40. h3 f6) 40. Rc7 Kf6 {[#] This move loses the game for Black.} (40... Kf8 $16 41. h3 f6) 41. Ke4 $1 $18 Nb3 {[#]} 42. Rc2 Kg7 43. Kd3 Nd5 {Threatening ...Nb4+.} 44. Nc6 h5 45. gxh5 Na5 (45... f5 $142 46. Rb2 Nc5+ 47. Kd4 Ne4) 46. Nxa5 (46. h6+ Kxh6 47. Nxa5 Nb4+ 48. Kd2 Nxc2 $18) 46... Nb4+ 47. Kd2 Nxc2 48. Kxc2 {KN-K3P. White mates.} Kh6 49. Nc6 f6 50. Nd4 Kxh5 51. Nxe6 {KN-KPP} Kg4 52. Kd3 Kh3 53. e4 Kxh2 54. Ke3 Kh3 55. Kf3 Kh4 56. Ng7 Kh3 57. Nf5 Kh2 58. Kg4 Kg2 59. Ng3 Kf2 60. Nh5 Ke3 61. Nxf6 {Weighted Error Value: White=0.05/Black=0.36} 1-0